zpět

Detail výsledku týmu

Na Dlouhé, Olomouc

Datum a čas kvízu

40 Celkem bodů Celkový počet nahraných bodů na tomto kvízu bez doplňovacích otázek.
1. Pořadí na kvízu Konečné umístění týmu na tomto kvízu.

Zaznamenané odpovědi

# Otázka Odpověď Body Výsledky
1. Vatikán minulé pondělí oznámil... Stanislav Přibyl 1
2. Co neobvyklého našli lékaři v... dělostřelecký granát 1
3. V noci z neděle na pondělí byl... Bad Bunny; Kendrick Lamar 1
4. Do aukční historie se nově zap... Rembrandt (Harmenszoon van Rijn) 1
5. Ještě před slavnostním zahájen... vyčural nápis do sněhu 1
6. 17. února 1600 byl na Campo de... Giordano Bruno 1
7. 1. ledna 1700 jeden ruský car... Petr I. Veliký 1
8. Za kulatý letopočet budeme dne... Burgtheater 0
9. 16. listopadu 1900 se v Olomou... Eliška Junková 1
10. Od 15. září do 1. října 2000 s... Štěpánka Hilgertová; Sydney 1